Statistics for Every 1M+ City since 2003 on a Map

Click here to take the quiz!

General Stats

  • This quiz has been taken 11 times
  • The average score is 375 of 793

Answers on the Map

Answers color-coded by a green-red scale on the quiz's map according to % correct below.
 

Answer Stats

CityCountryLast Year Included% Correct
Birmingham (Alabama)United States of America2012_I
90%
Birmingham (England)Great Britain & Northern Ireland2023
90%
JacksonvilleUnited States of America2023
90%
KabulAfghanistan2023
90%
KarachiPakistan2023
90%
LahorePakistan2023
90%
Melbourne (Florida)United States of America2023
90%
Melbourne (Victoria)Australia2023
90%
MiamiUnited States of America2023
90%
San DiegoUnited States of America2023
90%
San FranciscoUnited States of America2023
90%
San Jose (California)United States of AmericaRemarks, 2023
90%
San José (Costa Rica)Costa Rica2023
90%
TampaUnited States of America2023
90%
AbidjanIvory Coast2023
80%
AbujaNigeria2023
80%
AccraGhana2023
80%
Addis AbabaEthiopia2023
80%
AdelaideAustralia2023
80%
AhmedabadIndia-Gujarat2023
80%
AleppoSyria2023
80%
AlexandriaEgypt2023
80%
AlgiersAlgeria2023
80%
AmmanJordan2023
80%
AmsterdamNetherlands2023
80%
AnkaraTurkey2023
80%
AntananarivoMadagascar2023
80%
AshgabatTurkmenistan2023
80%
AsmaraEritrea2023
80%
AstanaKazakhstan2023
80%
AthensGreece2023
80%
AtlantaUnited States of America2023
80%
AucklandNew Zealand2023
80%
AustinUnited States of America2023
80%
BaghdadIraq2023
80%
BakuAzerbaijan2023
80%
BamakoMali2023
80%
BangkokThailand2023
80%
BanguiCentral African Republic2023
80%
BarcelonaSpain2023
80%
BarranquillaColombia2023
80%
BeijingChina-Beijing2023
80%
BeirutLebanon2023
80%
BelgradeSerbia2023
80%
Belo HorizonteBrazil2023
80%
BerlinGermany2023
80%
BogotaColombia2023
80%
BostonUnited States of America2023
80%
BrasíliaBrazil2023
80%
BrazzavilleRepublic of the Congo2023
80%
BrisbaneAustralia2023
80%
BucharestRomania2023
80%
BudapestHungary2023
80%
Buenos AiresArgentina2023
80%
BusanKorea (South)2023
80%
CairoEgypt2023
80%
CalgaryCanada2023
80%
CancunMexico2023
80%
Cape TownSouth Africa2023
80%
CaracasVenezuela2023
80%
CartagenaColombia2023
80%
CasablancaMorocco2023
80%
CebuPhilippines2023
80%
ChicagoUnited States of America2023
80%
ChongqingChina-Chongqing2023
80%
CincinnatiUnited States of America2023
80%
ClevelandUnited States of America2023
80%
CologneGermany2023
80%
ColomboSri Lanka2023
80%
ConakryGuinea2023
80%
CopenhagenDenmark2023
80%
DakarSenegal2023
80%
DallasUnited States of America2023
80%
DamascusSyria2023
80%
Dar es SalaamTanzania2023
80%
DelhiIndia-Delhi2023
80%
DenverUnited States of America2023
80%
DhakaBangladesh2023
80%
DublinIreland2023
80%
DurbanSouth Africa2023
80%
DushanbeTajikistan2023
80%
EdmontonCanada2023
80%
FaisalabadPakistan2023
80%
FesMorocco2023
80%
FlorenceItaly2023
80%
FortalezaBrazil2023
80%
FreetownSierra Leone2023
80%
FukuokaJapan2023
80%
GlasgowGreat Britain & Northern Ireland2023
80%
Guatemala CityGuatemala2023
80%
GuayaquilEcuador2023
80%
HangzhouChina-Zhejiang2023
80%
HanoiVietnam2023
80%
HarareZimbabwe2023
80%
HavanaCuba2023
80%
HelsinkiFinland2023
80%
HiroshimaJapan2023
80%
Ho Chi Minh CityVietnam2023
80%
Hong KongChina, Hong Kong2023
80%
HoustonUnited States of America2023
80%
Hyderabad (Sindh)Pakistan2023
80%
Hyderabad (Telangana)India-Telangana2023
80%
IncheonKorea (South)Remarks, 2023
80%
IslamabadPakistanRemarks, 2023
80%
IstanbulTurkey2023
80%
IzmirTurkey2023
80%
JakartaIndonesia2023
80%
JeddahSaudi Arabia2023
80%
JerusalemIsrael2023
80%
JohannesburgSouth Africa2023
80%
JuarezMexico2023
80%
KampalaUganda2023
80%
Kansas CityUnited States of America2023
80%
KathmanduNepal2023
80%
KhartoumSudan2023
80%
KigaliRwanda2023
80%
KinshasaDemocratic Republic of the Congo2023
80%
KolkataIndia-West Bengal2023
80%
Kuala LumpurMalaysia2023
80%
KyivUkraine2023
80%
LagosNigeria2023
80%
La PazBolivia2023
80%
LeedsGreat Britain & Northern Ireland2023
80%
LilongweMalawi2023
80%
LimaPeru2023
80%
LisbonPortugal2023
80%
LiverpoolGreat Britain & Northern Ireland2023
80%
LondonGreat Britain & Northern Ireland2023
80%
Los AngelesUnited States of America2023
80%
Lu'anChina-Anhui2023
80%
LuandaAngola2023
80%
LusakaZambia2023
80%
LyonFrance2023
80%
MadridSpain2023
80%
ManaguaNicaragua2023
80%
ManchesterGreat Britain & Northern Ireland2023
80%
ManilaPhilippines2023
80%
MaputoMozambique2023
80%
MarrakeshMorocco2023
80%
MarseilleFrance2023
80%
MeccaSaudi Arabia2023
80%
MedellinColombia2023
80%
MedinaSaudi Arabia2023
80%
MilanItaly2023
80%
MinneapolisUnited States of America2023
80%
MinskBelarus2023
80%
MogadishuSomalia2023
80%
MombasaKenya2023
80%
MonroviaLiberia2023
80%
MontrealCanada2023
80%
MumbaiIndia-Maharashtra2023
80%
NagoyaJapan2023
80%
NairobiKenya2023
80%
NaplesItaly2023
80%
NewcastleGreat Britain & Northern Ireland2023
80%
New YorkUnited States of America2023
80%
NiameyNiger2023
80%
NiceFrance2011_X
80%
Nizhny NovgorodRussia2023
80%
NouakchottMauritania2023
80%
NovosibirskRussia2023
80%
NurembergGermany2023
80%
OdessaUkraine2023
80%
Oklahoma CityUnited States of America2023
80%
OmskRussia2023
80%
OrlandoUnited States of America2023
80%
OsakaJapan2023
80%
OsloNorway2023
80%
OttawaCanada2023
80%
Panama CityPanama2023
80%
ParisFrance2023
80%
PhiladelphiaUnited States of America2023
80%
PhoenixUnited States of America2023
80%
Port-au-PrinceHaiti2023
80%
Port ElizabethSouth Africa2023
80%
PortlandUnited States of America2023
80%
PortoPortugal2023
80%
PragueCzech Republic2023
80%
PretoriaSouth Africa2015_I
80%
PyongyangKorea (North)2023
80%
QuitoEcuador2023
80%
RabatMorocco2023
80%
RecifeBrazil2023
80%
Rio de JaneiroBrazil2023
80%
RiyadhSaudi Arabia2023
80%
RomeItaly2023
80%
SacramentoUnited States of America2023
80%
Saint Petersburg (Russia)Russia2023
80%
Salt Lake CityUnited States of America2023
80%
SalvadorBrazil2023
80%
Sana'aYemen2023
80%
San JuanUnited States of America, Puerto Rico2023
80%
San SalvadorEl Salvador2023
80%
SantiagoChile2023
80%
Santo DomingoDominican Republic2023
80%
São PauloBrazil2023
80%
SapporoJapan2023
80%
SeattleUnited States of America2023
80%
SeoulKorea (South)2023
80%
SevilleSpain2023
80%
ShanghaiChina-Shanghai2023
80%
SheffieldGreat Britain & Northern Ireland2023
80%
ShenyangChina-Liaoning2023
80%
SingaporeSingapore2023
80%
SofiaBulgaria2023
80%
StockholmSweden2023
80%
St. Petersburg (Florida)United States of AmericaRemarks, 2023
80%
SydneyAustralia2023
80%
TaipeiTaiwan2023
80%
TashkentUzbekistan2023
80%
TbilisiGeorgia2023
80%
TegucigalpaHonduras2023
80%
TehranIran2023
80%
Tel AvivIsrael2023
80%
TianjinChina-Tianjin2023
80%
TokyoJapan2023
80%
TorontoCanada2023
80%
TunisTunisia2023
80%
UlaanbaatarMongolia2023
80%
UrumqiChina-Xinjiang2023
80%
Valencia (Spain)Spain2023
80%
Valencia (Venezuela)Venezuela2023
80%
VancouverCanada2023
80%
ViennaAustria2023
80%
VolgogradRussia2023
80%
WarsawPoland2023
80%
WashingtonUnited States of America2023
80%
XiamenChina-Fujian2023
80%
Xi'anChina-Shaanxi2023
80%
YangonMyanmar2023
80%
YaoundeCameroon2023
80%
YekaterinburgRussia2023
80%
YerevanArmenia2023
80%
ZurichSwitzerland2023
80%
Abu DhabiUnited Arab Emirates2023
70%
AgraIndia-Uttar Pradesh2023
70%
AlmatyKazakhstan2023
70%
AntalyaTurkey2023
70%
AntwerpBelgium2023
70%
AsunciónParaguay2023
70%
BandungIndonesia2023
70%
BanjulGambia2023
70%
BasraIraq2023
70%
BhopalIndia-Madhya Pradesh2023
70%
BishkekKyrgyzstan2023
70%
BordeauxFrance2023
70%
BremenGermany2023
70%
BrusselsBelgium2023
70%
BuffaloUnited States of America2023
70%
BulawayoZimbabwe2012_X
70%
CaliColombia2023
70%
CharlotteUnited States of America2023
70%
ChengduChina-Sichuan2023
70%
ChennaiIndia-Tamil Nadu2023
70%
ChittagongBangladesh2023
70%
ColumbusUnited States of America2023
70%
Da NangVietnam2023
70%
DniproUkraine2023
70%
DohaQatar2023
70%
DonetskUkraine2023
70%
DortmundGermanyRemarks, 2023
70%
DoualaCameroon2023
70%
DubaiUnited Arab Emirates2023
70%
DusseldorfGermany2014_VII
70%
EssenGermanyRemarks, 2023
70%
Fort WorthUnited States of AmericaRemarks, 2023
70%
FrankfurtGermany2023
70%
GazaPalestine2023
70%
George TownMalaysia2023
70%
GizaEgyptRemarks, 2023
70%
Gold CoastAustraliaRemarks, 2023
70%
GuadalajaraMexico2023
70%
HaifaIsrael2009_I
70%
HamburgGermany2023
70%
HanoverGermany2023
70%
HarbinChina-Heilongjiang2023
70%
HonoluluUnited States of America2023
70%
IbadanNigeria2023
70%
IndianapolisUnited States of America2023
70%
IsfahanIran2023
70%
JaipurIndia-Rajasthan2023
70%
KanoNigeria2023
70%
KatowicePoland2023
70%
KharkivUkraine2023
70%
Kuwait CityKuwait2023
70%
Las VegasUnited States of America2023
70%
LilleFrance2023
70%
LomeTogo2023
70%
LouisvilleUnited States of America2023
70%
ManamaBahrain2023
70%
ManausBrazil2023
70%
MannheimGermany2023
70%
MaracaiboVenezuela2023
70%
MashhadIran2023
70%
MemphisUnited States of America2023
70%
MeridaMexico2023
70%
Mexico CityMexico2023
70%
MilwaukeeUnited States of America2023
70%
MonterreyMexico2023
70%
MontevideoUruguay2023
70%
MoscowRussia2023
70%
MosulIraq2023
70%
MunichGermany2023
70%
MuscatOman2023
70%
NanjingChina-Jiangsu2023
70%
NashvilleUnited States of America2023
70%
N'DjamenaChad2023
70%
NewarkUnited States of AmericaRemarks, 2023
70%
New OrleansUnited States of America2023
70%
OaklandUnited States of AmericaRemarks, 2023
70%
OranAlgeria2023
70%
OuagadougouBurkina Faso2023
70%
PerthAustralia2023
70%
PeshawarPakistan2023
70%
Phnom PenhCambodia2023
70%
PittsburghUnited States of America2023
70%
PuneIndia-Maharashtra2023
70%
QomIran2023
70%
RaleighUnited States of America2023
70%
RawalpindiPakistan2023
70%
RichmondUnited States of America2023
70%
RostovRussia2023
70%
RotterdamNetherlands2023
70%
SamaraRussia2023
70%
San AntonioUnited States of America2023
70%
Santa CruzBolivia2023
70%
SaratovRussia2023
70%
ShenzhenChina-Guangdong2015_I
70%
SouthamptonGreat Britain & Northern Ireland2023
70%
St. LouisUnited States of America2023
70%
StuttgartGermany2023
70%
SurabayaIndonesia2023
70%
The HagueNetherlands2011_I
70%
The RuhrGermany2023
70%
TijuanaMexico2023
70%
ToledoUnited States of AmericaRemarks, 2023
70%
ToulouseFrance2023
70%
TripoliLibya2023
70%
TucsonUnited States of America2023
70%
TurinItaly2023
70%
ValparaisoChile2023
70%
Virginia BeachUnited States of America2023
70%
WuhanChina-Hubei2023
70%
AlbanyUnited States of America2012_I
60%
ArequipaPeru2023
60%
BaltimoreUnited States of AmericaRemarks, 2023
60%
BelemBrazil2023
60%
BengaluruIndia-Karnataka2023
60%
Benin CityNigeria2023
60%
BursaTurkey2023
60%
CampinasBrazil2023
60%
CordobaArgentina2023
60%
CotonouBenin2023
60%
CuritibaBrazil2023
60%
DaeguKorea (South)2023
60%
DalianChina-Liaoning2023
60%
DavaoPhilippines2023
60%
DenpasarIndonesia2023
60%
DetroitUnited States of America2023
60%
ErbilIraq2023
60%
FresnoUnited States of America2023
60%
FuzhouChina-Fujian2023
60%
GoianiaBrazil2023
60%
GuangzhouChina-Guangdong2023
60%
KanpurIndia-Uttar Pradesh2023
60%
KazanRussia2023
60%
KumasiGhana2023
60%
LodzPoland2009_I
60%
LubumbashiDemocratic Republic of the Congo2023
60%
LucknowIndia-Uttar Pradesh2023
60%
MalagaSpain2023
60%
MandalayMyanmar2023
60%
MedanIndonesia2023
60%
MendozaArgentina2023
60%
NanningChina-Guangxi2023
60%
NatalBrazil2023
60%
NottinghamGreat Britain & Northern Ireland2023
60%
PermRussia2023
60%
Port HarcourtNigeria2023
60%
Porto AlegreBrazil2023
60%
ProvidenceUnited States of America2011_I
60%
PueblaMexico2023
60%
QingdaoChina-Shandong2023
60%
RochesterUnited States of America2012_I
60%
RosarioArgentina2023
60%
São LuisBrazil2023
60%
SendaiJapan2023
60%
SuratIndia-Gujarat2023
60%
TangierMorocco2023
60%
TrentonUnited States of AmericaRemarks, 2023
60%
WenzhouChina-Zhejiang2023
60%
ZhengzhouChina-Henan2023
60%
AgadirMorocco2023
50%
AmritsarIndia-Punjab2023
50%
BonnGermanyRemarks, 2023
50%
Cape CoralUnited States of America2023
50%
ChelyabinskRussia2023
50%
CochabambaBolivia2023
50%
ConcepciónChile2017
50%
DammamSaudi Arabia2023
50%
El PasoUnited States of America2023
50%
GaziantepTurkey2023
50%
GujranwalaPakistan2023
50%
HamiltonCanadaRemarks, 2023
50%
HarrisburgUnited States of America2023
50%
HartfordUnited States of America2023
50%
HomsSyria2010_I
50%
KadunaNigeria2023
50%
KaohsiungTaiwan2023
50%
KunmingChina-Yunnan2023
50%
KyotoJapanRemarks, 2023
50%
LanzhouChina-Gansu2023
50%
McAllenUnited States of America2023
50%
NagpurIndia-Maharashtra2023
50%
New HavenUnited States of AmericaRemarks, 2023
50%
NorfolkUnited States of America2003_IX
50%
Pointe-NoireRepublic of the Congo2023
50%
ProvoUnited States of AmericaRemarks, 2023
50%
QuettaPakistan2023
50%
ShantouChina-Guangdong2023
50%
SharjahUnited Arab Emirates2015_I
50%
SousseTunisia2023
50%
SrinagarIndia-Jammu & Kashmir2023
50%
TaiyuanChina-Shanxi2023
50%
UfaRussia2023
50%
VoronezhRussia2023
50%
Wiesbaden / MainzGermanyRemarks, 2023
50%
XinbeiTaiwan (Rep. of China)Remarks, 2023
50%
YokohamaJapanRemarks, 2023
50%
AbaNigeria2023
40%
AdanaTurkey2023
40%
AkronUnited States of AmericaRemarks, 2023
40%
AllahabadIndia-Uttar Pradesh2023
40%
AllentownUnited States of AmericaRemarks, 2023
40%
BenguelaAngola2023
40%
BergamoItalyRemarks, 2023
40%
BhilaiIndia-Chhattisgarh2023
40%
Bobo-DioulassoBurkina Faso2023
40%
ChangshaChina-Hunan2023
40%
ChihuahuaMexico2023
40%
DaytonUnited States of America2006_I
40%
DiyarbakirTurkey2023
40%
EnuguNigeria2023
40%
FlorianopolisBrazil2023
40%
Fort LauderdaleUnited States of AmericaRemarks, 2023
40%
Grand RapidsUnited States of America2012_I
40%
GreensboroUnited States of America2023
40%
HaarlemNetherlandsRemarks, 2013_IV
40%
HaikouChina-Hainan2023
40%
IndoreIndia-Madhya Pradesh2023
40%
JinanChina-Shandong2023
40%
JodhpurIndia-Rajasthan2023
40%
Johor BahruMalaysia2010_I
40%
JosNigeria2023
40%
KirkukIraq2023
40%
KisanganiDemocratic Republic of the Congo2023
40%
KochiIndia-Kerala2023
40%
KonyaTurkey2023
40%
LeonMexico2023
40%
MaceioBrazil2023
40%
MaiduguriNigeria2023
40%
MakassarIndonesia2023
40%
Mbuji-MayiDemocratic Republic of the Congo2023
40%
MexicaliMexico2020
40%
OnitshaNigeria2023
40%
PalembangIndonesia2023
40%
PatnaIndia-Bihar2023
40%
Quezon CityPhilippinesRemarks, 2023
40%
RiversideUnited States of AmericaRemarks, 2023
40%
San Miguel de TucumanArgentina2023
40%
SantosBrazil2023
40%
ShijiazhuangChina-Hebei2023
40%
ShirazIran2023
40%
TaichungTaiwan2023
40%
VitoriaBrazil2023
40%
WuxiChina-Jiangsu2018
40%
AguascalientesMexico2023
30%
BaotouChina-Nei Menggu2023
30%
BridgeportUnited States of AmericaRemarks, 2023
30%
BucaramangaColombia2023
30%
ChandigarhIndia-Chandigarh2023
30%
ChonburiThailand2023
30%
CoimbatoreIndia-Tamil Nadu2023
30%
DaejeonKorea (South)2023
30%
DongguanChina-Guangdong2009_I
30%
FoshanChina-GuangdongRemarks, 2023
30%
GanzhouChina-Jiangxi2023
30%
GreenvilleUnited States of America2012_I
30%
GuiyangChina-Guizhou2023
30%
GwaliorIndia-Madhya Pradesh2023
30%
IlorinNigeria2023
30%
JilinChina-Jilin2023
30%
João PessoaBrazil2023
30%
KayseriTurkey2023
30%
KhulnaBangladesh2023
30%
KobeJapanRemarks, 2023
30%
KrasnoyarskRussia2023
30%
La PlataArgentinaRemarks, 2023
30%
LiuzhouChina-Guangxi2023
30%
MersinTurkey2023
30%
MwanzaTanzania2023
30%
NahaJapan2023
30%
NingboChina-Zhejiang2023
30%
OgdenUnited States of AmericaRemarks, 2023
30%
OkayamaJapan2023
30%
RajkotIndia-Gujarat2023
30%
San Luis PotosiMexico2023
30%
San Pedro SulaHonduras2023
30%
SarasotaUnited States of AmericaRemarks, 2023
30%
SowetoSouth AfricaRemarks, 2023
30%
StocktonUnited States of America2023
30%
TabrizIran2023
30%
TainanTaiwan2023
30%
VadodaraIndia-Gujarat2023
30%
VaranasiIndia-Uttar Pradesh2023
30%
WarriNigeria2023
30%
West Palm BeachUnited States of AmericaRemarks, 2023
30%
WuppertalGermanyRemarks, 2023
30%
XuzhouChina-Jiangsu2023
30%
YangzhouChina-Jiangsu2023
30%
YogyakartaIndonesia2023
30%
ZiboChina-Shandong2023
30%
AhvazIran2023
20%
AnaheimUnited States of AmericaRemarks, 2023
20%
AngelesPhilippines2023
20%
AnshanChina-Liaoning2023
20%
AracajuBrazil2023
20%
AsansolIndia-West Bengal2023
20%
BareillyIndia-Uttar Pradesh2023
20%
BarquisimetoVenezuela2023
20%
BhubaneswarIndia-Odisha2023
20%
BukavuDemocratic Republic of the Congo2023
20%
ChangchunChina-Jilin2023
20%
ChibaJapanRemarks, 2023
20%
CixiChina-Zhejiang2021
20%
DarmstadtGermanyRemarks, 2023
20%
DordrechtNetherlandsRemarks, 2011_I
20%
DuisburgGermanyRemarks, 2023
20%
EcatepecMexicoRemarks, 2023
20%
EzhouChina-Hubei2023
20%
FujiJapan2018
20%
GebzeTurkeyRemarks, 2023
20%
GuarulhosBrazilRemarks, 2023
20%
GwangjuKorea (South)2023
20%
HaiphongVietnam2023
20%
HefeiChina-Anhui2023
20%
HohhotChina-Nei Menggu2023
20%
HuainanChina-Anhui2023
20%
HuizhouChina-Guangdong2021
20%
HuzhouChina-Zhejiang2023
20%
IrbidJordan2023
20%
JamshedpurIndia-Jharkhand2023
20%
KanangaDemocratic Republic of the Congo2023
20%
KermanshahIran2023
20%
LakelandUnited States of AmericaRemarks, 2023
20%
LudhianaIndia-Punjab2023
20%
LuoyangChina-Henan2023
20%
LuzhouChina-Sichuan2023
20%
MalangIndonesia2023
20%
MaracayVenezuela2023
20%
MultanPakistan2023
20%
MysoreIndia-Karnataka2023
20%
Namp'oKorea (North)2009_I
20%
NanyangChina-Henan2023
20%
PekanbaruIndonesia2023
20%
QiqiharChina-Heilongjiang2023
20%
QueretaroMexico2023
20%
SalemIndia-Tamil Nadu2023
20%
SemarangIndonesia2023
20%
ShymkentKazakhstan2023
20%
SurakartaIndonesia2023
20%
Suzhou (Anhui)China-Anhui2021
20%
Suzhou (Jiangsu)China-Jiangsu2011_IV
20%
Taizhou (Jiangsu)China-Jiangsu2023
20%
Taizhou (Zhejiang)China-Zhejiang2023
20%
TeresinaBrazil2023
20%
ThiruvananthapuramIndia-Kerala2013_X
20%
TolucaMexico2023
20%
ToubaSenegal2023
20%
UlsanKorea (South)2023
20%
WanzhouChina-Chongqing2023
20%
WindsorCanadaRemarks, 2023
20%
WuhuChina-Anhui2023
20%
YantaiChina-Shandong2023
20%
ZariaNigeria2023
20%
ZhuzhouChina-Hunan2021
20%
AligarhIndia-Uttar Pradesh2023
10%
AnyangChina-Henan2023
10%
AurangabadIndia-Maharashtra2023
10%
BaodingChina-Hebei2023
10%
BaojiChina-Shaanxi2023
10%
BeihaiChina-Guangxi2023
10%
BekasiIndonesiaRemarks, 2023
10%
BengbuChina-Anhui2023
10%
BenxiChina-Liaoning2021
10%
Bien HoaVietnamRemarks, 2023
10%
BogorIndonesiaRemarks, 2023
10%
Central CoastAustraliaRemarks, 2022
10%
ChangdeChina-Hunan2023
10%
ChangwonKorea (South)2023
10%
ChangzhiChina-Shanxi2023
10%
ChangzhouChina-Jiangsu2018
10%
ChaozhouChina-GuangdongRemarks, 2023
10%
CheongjuKorea (South)2023
10%
ChifengChina-Nei Menggu2023
10%
CirebonIndonesia2023
10%
ConcordUnited States of AmericaRemarks, 2023
10%
CucutaColombia2023
10%
CuernavacaMexico2023
10%
CuttackIndia-OdishaRemarks, 2023
10%
DaqingChina-Heilongjiang2023
10%
DatongChina-Shanxi2023
10%
DazhouChina-Sichuan2023
10%
Dehra DunIndia-Uttarakhand 2023
10%
DepokIndonesiaRemarks, 2023
10%
DezhouChina-Shandong2023
10%
DhanbadIndia-Jharkhand2023
10%
DongyingChina-Shandong2023
10%
FaridabadIndia-HaryanaRemarks, 2023
10%
FukuyamaJapanRemarks, 2023
10%
FushunChina-Liaoning2009_I
10%
GhaziabadIndia-Uttar PradeshRemarks, 2023
10%
GoyangKorea (South)Remarks, 2023
10%
GuilinChina-Guangxi2023
10%
GuwahatiIndia-Assam2023
10%
HamamatsuJapan2023
10%
HandanChina-Hebei2023
10%
HelwanEgyptRemarks, 2019
10%
HengyangChina-Hunan2023
10%
HezeChina-Shandong2023
10%
HimejiJapan2014_IV
10%
HofufSaudi Arabia2023
10%
Huai'anChina-Jiangsu2023
10%
HuaibeiChina-Anhui2023
10%
HubliIndia-Karnataka2023
10%
HuludaoChina-Liaoning2023
10%
JabalpurIndia-Madhya Pradesh2023
10%
JalandharIndia-Punjab2023
10%
JiangyinChina-Jiangsu2023
10%
JiaozuoChina-Henan2023
10%
JiaxingChina-Zhejiang2023
10%
JieyangChina-Guangdong2015_I
10%
JingzhouChina-Hubei2021
10%
JinhuaChina-Zhejiang2023
10%
JiningChina-Shandong2023
10%
JinzhouChina-Liaoning2023
10%
JiujiangChina-Jiangxi2023
10%
JixiChina-Heilongjiang2013_IV
10%
JoinvilleBrazil2014_IV
10%
KaifengChina-Henan2023
10%
KarajIranRemarks, 2023
10%
KawasakiJapanRemarks, 2023
10%
KitakyushuJapan2023
10%
KolhapurIndia-Maharashtra2011_X
10%
KotaIndia-Rajasthan2023
10%
KozhikodeIndia-Kerala2023
10%
KumamotoJapan2023
10%
LianyungangChina-Jiangsu2023
10%
LiaochengChina-Shandong2023
10%
LiaoyangChina-LiaoningRemarks, 2023
10%
LinyiChina-Shandong2023
10%
Ma'anshanChina-Anhui2021
10%
MaduraiIndia-Tamil Nadu2023
10%
MaebashiJapanRemarks, 2023
10%
MaomingChina-Guangdong2023
10%
MeerutIndia-Uttar Pradesh2023
10%
MianyangChina-Sichuan2023
10%
MoradabadIndia-Uttar Pradesh2023
10%
MoreliaMexico2023
10%
MudanjiangChina-Heilongjiang2015_I
10%
NajafIraq2023
10%
NanchangChina-Jiangxi2023
10%
NanchongChina-Sichuan2023
10%
NantongChina-Jiangsu2023
10%
NashikIndia-Maharashtra2023
10%
Nova IguaçuBrazilRemarks, 2023
10%
PanjinChina-Liaoning2023
10%
PatersonUnited States of AmericaRemarks, 2012_I
10%
PingdingshanChina-Henan2023
10%
PingxiangChina-Jiangxi2021
10%
PuníngChina-GuangdongRemarks, 2023
10%
PutianChina-Fujian2021
10%
PuyangChina-Henan2023
10%
QinhuangdaoChina-Hebei2023
10%
QuanzhouChina-Fujian2015_I
10%
QujingChina-Yunnan2023
10%
RaipurIndia-ChhattisgarhRemarks, 2023
10%
RanchiIndia-Jharkhand2023
10%
RandfonteinSouth AfricaRemarks, 2023
10%
RizhaoChina-Shandong2023
10%
SagamiharaJapanRemarks, 2023
10%
SaharanpurIndia-Uttar Pradesh2023
10%
SaitamaJapanRemarks, 2023
10%
SakaiJapanRemarks, 2023
10%
SaltilloMexico2023
10%
Santa RosaUnited States of AmericaRemarks, 2023
10%
São GonçaloBrazilRemarks, 2023
10%
SerangIndonesia2023
10%
ShangqiuChina-Henan2023
10%
ShangraoChina-Jiangxi2023
10%
ShaoxingChina-Zhejiang2015_I
10%
ShaoyangChina-Hunan2023
10%
ShimonosekiJapanRemarks, 2023
10%
ShiyanChina-Hubei2023
10%
ShizuokaJapan2023
10%
ShuyangChina-Jiangsu2023
10%
SiliguriIndia-West Bengal2023
10%
SokotoNigeria2023
10%
SolapurIndia-Maharashtra2023
10%
SoshanguveSouth AfricaRemarks, 2023
10%
SuqianChina-Jiangsu2023
10%
SuwonKorea (South)Remarks, 2023
10%
Tai'anChina-Shandong2023
10%
TangerangIndonesiaRemarks, 2023
10%
TangshanChina-Hebei2023
10%
TaoyuanTaiwan (Rep. of China)2011_I
10%
TengzhouChina-Shandong2021
10%
ThaneIndia-MaharashtraRemarks, 2023
10%
TiruchirappalliIndia-Tamil Nadu2023
10%
TiruppurIndia-Tamil Nadu2023
10%
TorreonMexico2023
10%
UtsunomiyaJapanRemarks, 2023
10%
Vasai-VirarIndia-MaharashtraRemarks, 2023
10%
VereenigingSouth Africa2015_I
10%
VictoriaChina, Hong KongRemarks, 2023
10%
VijayawadaIndia-Andhra Pradesh2023
10%
VisakhapatnamIndia-Andhra Pradesh2023
10%
WarangalIndia-Telangana2023
10%
WeifangChina-Shandong2023
10%
WeihaiChina-Shandong2023
10%
XiangtanChina-Hunan2021
10%
XiangyangChina-Hubei2023
10%
XianyangChina-Shaanxi2009_I
10%
XingtaiChina-Hebei2023
10%
XiningChina-Qinghai2023
10%
XinxiangChina-Henan2023
10%
XinyangChina-Henan2023
10%
XuchangChina-Henan2023
10%
YanchengChina-Jiangsu2023
10%
YangjiangChina-Guangdong2011_IV
10%
YibinChina-Sichuan2023
10%
YichangChina-Hubei2023
10%
YinchuanChina-Ningxia2023
10%
YingkouChina-Liaoning2021
10%
YiwuChina-Zhejiang2023
10%
YueyangChina-Hunan2023
10%
YulinChina-Guangxi2023
10%
YuyaoChina-ZhejiangRemarks, 2023
10%
ZaozhuangChina-Shandong2023
10%
ZapopanMexicoRemarks, 2023
10%
ZhangjiakouChina-Hebei2023
10%
ZhanjiangChina-Guangdong2023
10%
ZhaoqingChina-Guangdong2023
10%
ZhenjiangChina-Jiangsu2023
10%
ZhongshanChina-Guangdong2009_I
10%
ZhoukouChina-Henan2023
10%
ZigongChina-Sichuan2021
10%
ZunyiChina-Guizhou2023
10%
Bandar LampungIndonesia2023
0%
BatamIndonesia2023
0%
BhiwandiIndia-MaharashtraRemarks, 2023
0%
BucheonKorea (South)Remarks, 2023
0%
CaloocanPhilippinesRemarks, 2023
0%
CangnanChina-Zhejiang2023
0%
ChangshuChina-Jiangsu2021
0%
Ekurhuleni (East Rand)South AfricaRemarks, 2023
0%
EvatonSouth AfricaRemarks, 2023
0%
FuyangChina-Anhui2023
0%
GurgaonIndia-HaryanaRemarks, 2023
0%
HaoraIndia-West BengalRemarks, 2023
0%
HechuanChina-Chongqing2021
0%
JiangjinChina-Chongqing2021
0%
JiangmenChina-Guangdong2009_I
0%
JinjiangChina-FujianRemarks, 2023
0%
Kalyan-DombivaliIndia-MaharashtraRemarks, 2023
0%
KarawangIndonesia2023
0%
KlangMalaysia2011_I
0%
KowloonChina, Hong KongRemarks, 2023
0%
La Matanza (San Justo)ArgentinaRemarks, 2023
0%
NaucalpanMexicoRemarks, 2023
0%
NezahualcóyotlMexicoRemarks, 2023
0%
OshogboNigeria2023
0%
Pimpri ChinchwadIndia-MaharashtraRemarks, 2023
0%
QingyuanChina-Guangdong2023
0%
Rui'anChina-ZhejiangRemarks, 2023
0%
SeongnamKorea (South)Remarks, 2023
0%
ShuangliuChina-SichuanRemarks, 2019
0%
Shubra el-KheimaEgyptRemarks, 2023
0%
South TangerangIndonesiaRemarks, 2023
0%
UlhasnagarIndia-MaharashtraRemarks, 2023
0%
YongkangChina-Zhejiang2023
0%
ZhangjiagangChina-JiangsuRemarks, 2023
0%
ZhuhaiChina-Guangdong2023
0%

Score Distribution

Percentile by Number Answered

Percent of People with Each Score

Your Score History

You have not taken this quiz